| 000 | 00527cam a2200205ua 4500 | ||
|---|---|---|---|
| 001 | 5530 | ||
| 008 | 131002n ii |||gr||||Z||||||eng | ||
| 020 | _a978-81-317-1945-9 | ||
| 040 | _cMAIN | ||
| 082 | _a005 | ||
| 245 |
_aCore Java : _bVolume I-Fundamentals / _cby Cay S.Horstmann . |
||
| 250 | _a8th ed. | ||
| 260 |
_aDelhi: _bPearson, _c2011. |
||
| 300 | _axviii,836p. | ||
| 653 | _aComputer science | ||
| 653 | _aCore Java | ||
| 700 |
_aHorstmann,Cay S., _eAuthor., |
||
| 700 | 1 |
_aCornell,Gary, _eAuthor. |
|
| 942 | _cBK | ||
| 999 |
_c4697 _d4697 |
||